000 00620cam a22002291 4500
001 sa 67007404
003 DLC
005 20260227112415.0
008 890815s1966 ii 000 0 orio
010 _asa 67007404
035 _a(OCoLC)20181317
040 _aDLC
_cWaU
_dDLC
042 _apremarc
050 0 0 _aPK2576
_b.M48
100 1 _aMisra, Gopal Chandra,
_d1925-
245 1 0 _aPrācina Oḍiā gīti kabitā.
_bTypes of early Oriya lyrical poetry.
260 _c[1966]
300 _a21, 144 p.
_c19 cm.
500 _aIn Oriya.
650 0 _aOriya poetry.
740 0 _aTypes of early Oriya lyrical poetry.
999 _c76562
_d76562